| 000 | 00999nam a22002297a 4500 | ||
|---|---|---|---|
| 005 | 20250715150218.0 | ||
| 008 | 250715t ||||| |||| 00| 0 fre d | ||
| 020 | _a9791090956254 | ||
| 040 |
_aCO-BoUCM _cDavid Moreno _dDavid Moreno |
||
| 041 | _afre | ||
| 100 | 1 |
_aDaubert, Michel _9186168 |
|
| 245 | 1 | 4 |
_aLes personnages de Blake et Mortimer dans l'Histoire: Les évènements qui ont inspiré l'oeuvre d'Edgar P. Jacobs _cMichel Daubert, Jacques Langlois |
| 260 |
_aParis, Francia _bSophia publications _c2014 |
||
| 300 |
_a111 Paginas _bilustraciones a color |
||
| 600 |
_aJacobs, Edgar Pierre _d1904-1987 _xCrítica e interpretación _9186169 |
||
| 650 | 1 | 4 |
_aBlake y Mortimer (personajes ficticios) _xCómic europeo _9186170 |
| 650 | 1 | 4 |
_aNovela gráfica _xInfluencias históricas _9186171 |
| 650 | 1 | 4 |
_aCultura popular _xAnálisis de cómic _9186172 |
| 700 | 1 |
_aLanglois, Jacques _9186173 |
|
| 942 |
_2DEWEY _a17 _cLIBRO _e1 _h741.5944 _mD235p _n0 |
||
| 999 |
_c325562 _d325562 |
||